| 000 | 00790nam a2200241Ia 4500 | ||
|---|---|---|---|
| 003 | OSt | ||
| 005 | 20260205154707.0 | ||
| 008 | 210716s2014 xx 000 0 und d | ||
| 020 | _a9788184249040 | ||
| 040 | _cAIMIT LIBRARY | ||
| 041 | _aeng | ||
| 082 |
_a378.01 _21 _bPONR |
||
| 100 |
_aPonnusamy, R. _9253750 |
||
| 245 |
_aHand book on university system / _cBy R Ponnusamy and J Pandurangan. |
||
| 250 | _a1st ed. | ||
| 260 |
_aNew Delhi : _bAllied Publishers Pvt Ltd , _c2014. |
||
| 300 |
_axviii,366p. ; _bHB _c25 cm |
||
| 650 |
_aComponents of well structured academic system _9253751 |
||
| 650 |
_aHistory of university system _9253752 |
||
| 650 |
_aSystem and processes of university system _9253753 |
||
| 700 |
_aPandurangan, J. _9253754 |
||
| 942 |
_2ddc _cBK _e1st _k378.01 PONR |
||
| 999 |
_c194431 _d194431 |
||